| Tag |
First Indicator |
Second Indicator |
Subfields |
| LEADER |
00000cam a22000005a 4500 |
| 001 |
in00001406675 |
| 005 |
20151020072842.0 |
| 008 |
910607e197307 nhua bt 000 0 eng d |
| 035 |
|
|
|a (OCoLC)23900236
|
| 035 |
|
|
|9 AHQ3628AM
|
| 040 |
|
|
|a AFM
|c AFM
|d TXA
|d UtOrBLW
|
| 049 |
|
|
|a TXAM
|
| 090 |
|
|
|a GC380.2.A25
|b N49 1973
|
| 100 |
1 |
|
|a Newman, A. K.
|
| 245 |
1 |
0 |
|a Computer analysis of oblique acoustic reflection for ocean sediment identification /
|c by A.K. Newman.
|
| 264 |
|
1 |
|a Durham, N.H. :
|b University of New Hampshire ;
|a Portsmouth, R.I. :
|b Submarine Signal Division, Raytheon Co.,
|c 1973.
|
| 300 |
|
|
|a [iii], 10 pages :
|b illustrations ;
|c 28 cm.
|
| 336 |
|
|
|a text
|b txt
|2 rdacontent
|
| 337 |
|
|
|a unmediated
|b n
|2 rdamedia
|
| 338 |
|
|
|a volume
|b nc
|2 rdacarrier
|
| 490 |
1 |
|
|a UNH Sea Grant Programs report ;
|v no. UNH-SG-110
|
| 500 |
|
|
|a "July 1973."
|
| 500 |
|
|
|a "COM 73-11907"--Written on page [1] of cover.
|
| 536 |
|
|
|a Research sponsored by NOAA Office of Sea Grant, Dept. of Commerce.
|b no. DC 1-36114.
|
| 504 |
|
|
|a Includes bibliographical references.
|
| 650 |
|
0 |
|a Marine sediments
|x Acoustic properties.
|
| 650 |
|
0 |
|a Underwater acoustics.
|
| 710 |
2 |
|
|a University of New Hampshire.
|b Sea Grant Program.
|
| 710 |
2 |
|
|a Raytheon Company.
|b Submarine Signal Division.
|
| 710 |
1 |
|
|a United States.
|b National Oceanic and Atmospheric Administration.
|b Office of Sea Grant.
|
| 830 |
|
0 |
|a Report (University of New Hampshire. Sea Grant Program) ;
|v UNH-SG-110.
|
| 948 |
|
|
|a c:ktn
|
| 999 |
|
|
|a MARS
|
| 999 |
f |
f |
|s ece03191-d96d-35cc-9b5e-44d73f309ca5
|i 3595dc0f-dd8a-3d26-a1c5-292b9e9f4bb4
|t 0
|
| 952 |
f |
f |
|p ric
|a Texas A&M University
|b Rellis Campus
|c Joint Library Facility
|d Remote Storage
|t 0
|e GC380.2.A25 N49 1973
|h Library of Congress classification
|i unmediated -- volume
|m A14822438666
|
| 998 |
f |
f |
|a GC380.2.A25 N49 1973
|t 0
|l Remote Storage
|